A Tale of Two Cities/ (Record no. 164585)

MARC details
000 -LEADER
fixed length control field 00516nam a22001817a 4500
005 - DATE AND TIME OF LATEST TRANSACTION
control field 20190523113210.0
010 ## - LCCN (DPL NO)
LC control number B-042199
020 ## - INTERNATIONAL STANDARD BOOK NUMBER
International Standard Book Number 1582790787
Terms of availability 00.00
035 ## - SYSTEM CONTROL NUMBER
System control number B-042199
037 ## - SOURCE OF ACQUISITION
Source of stock number/acquisition DBAD/PUB
082 ## - DEWEY DECIMAL CLASSIFICATION NUMBER
Classification number N
100 ## - MAIN ENTRY--PERSONAL NAME
Personal name Dickens, Charles
245 ## - TITLE STATEMENT
Title A Tale of Two Cities/
Statement of responsibility, etc Charles Dickens
260 ## - PUBLICATION, DISTRIBUTION, ETC. (IMPRINT)
Place of publication, distribution, etc America
Name of publisher, distributor, etc Trident press International
Date of publication, distribution, etc 2000
300 ## - PHYSICAL DESCRIPTION
Extent iv,358p.
Dimensions 23cm.(Hbk)
942 ## - ADDED ENTRY ELEMENTS (KOHA)
Source of classification or shelving scheme Dewey Decimal Classification
Item type English Books
Classification part N
Call number suffix DIC
Holdings
Withdrawn status Lost status Not for loan Collection code Home library Current library Date acquired Source of acquisition Cost, normal purchase price Full call number Barcode Copy number Cost, replacement price Koha item type
      Fiction Central Library Central Library 23/05/2019 DBAD/PUB 0.00 N DIC B-042199 1 0.00 English Books

© Delhi Public Library
Hit Counter
free hit counter